000 00230nam a2200097Ia 4500
001 690510
005 20250826161817.0
008 250824s9999 xx 000 0 und d
245 0 _aYOLCULUK
_cFİKRET KUL
260 _bTİMAŞ YAYINLARI
999 _c690510
_d690510